Animal Kingdoms/ (Record no. 76701)
[ view plain ]
| 000 -LEADER | |
|---|---|
| fixed length control field | 00675nam a22002057a 4500 |
| 005 - DATE AND TIME OF LATEST TRANSACTION | |
| control field | 20130617124410.0 |
| 010 ## - LCCN (DPL NO) | |
| LC control number | B-512630-632 |
| 020 ## - INTERNATIONAL STANDARD BOOK NUMBER | |
| International Standard Book Number | 9788178243610 |
| Terms of availability | 795.00 |
| 020 ## - INTERNATIONAL STANDARD BOOK NUMBER | |
| International Standard Book Number | 817824361x |
| Terms of availability | 795.00 |
| 035 ## - SYSTEM CONTROL NUMBER | |
| System control number | B-512630-632 |
| 037 ## - SOURCE OF ACQUISITION | |
| Stock number | dpl |
| Source of stock number/acquisition | BSB/Ven |
| 082 ## - DEWEY DECIMAL CLASSIFICATION NUMBER | |
| Classification number | 5639.10954 |
| 100 ## - MAIN ENTRY--PERSONAL NAME | |
| Personal name | Hughes, Julie E |
| 245 ## - TITLE STATEMENT | |
| Title | Animal Kingdoms/ |
| Statement of responsibility, etc | by Julie E, Hughes |
| 260 ## - PUBLICATION, DISTRIBUTION, ETC. (IMPRINT) | |
| Place of publication, distribution, etc | Ranikhet Cantt |
| Name of publisher, distributor, etc | Permanent Black |
| Date of publication, distribution, etc | 2013 |
| 270 ## - ADDRESS | |
| Address | Himalayana, Mall Road |
| City | Ranikhet Cantt |
| Postal code | 263645 |
| 300 ## - PHYSICAL DESCRIPTION | |
| Extent | 304p. |
| Other physical details | ill. |
| Dimensions | 22cm.(Hb) |
| 942 ## - ADDED ENTRY ELEMENTS (KOHA) | |
| Source of classification or shelving scheme | Dewey Decimal Classification |
| Item type | English Books |
| Classification part | 5639.10954 |
| Call number suffix | HUG |
| Withdrawn status | Lost status | Not for loan | Collection code | Home library | Current library | Date acquired | Source of acquisition | Cost, normal purchase price | Full call number | Barcode | Copy number | Cost, replacement price | Koha item type |
|---|---|---|---|---|---|---|---|---|---|---|---|---|---|
| Non-fiction | Janak Puri | Janak Puri | 17/06/2013 | BSB/885/09.03.2013/169/08.03.2013/23.03.2013 | 795.00 | 5639.10954 HUG | B-512631 | 1 | 795.00 | English Books | |||
| Non-fiction | Karol Bagh | Karol Bagh | 17/06/2013 | BSB/885/09.03.2013/169/08.03.2013/23.03.2013 | 795.00 | 5639.10954 HUG | B-512632 | 1 | 795.00 | English Books | |||
| Non-fiction | Patel Nagar | Patel Nagar | 17/06/2013 | BSB/885/09.03.2013/169/08.03.2013/23.03.2013 | 795.00 | 5639.10954 HUG | B-512630 | 1 | 795.00 | English Books |
